000
00320nam a2200145Ia 4500
100
_a
Biegel/John E
942
_c
BK
654
_a
Production Control
245
_a
Production Control
260
_b
Prentice Hall of India
_a
NEW DELHI
_c
1987
082
_a
604.2
_b
Bie
300
_a
282
546
_a
ENGLISH
999
_c
27328
_d
27328